Milli Eğitim istatistikleri 1996-1997 (Record no. 7904)

MARC details
000 -BAŞLIK
Sabit Uzunlukta Kontrol Alanı 01222na a2200325 4500
001 - KONTROL NUMARASI
Denetim Alanı 19604
003 - KONTROL NUMARASI IDENTIFIER
Denetim Alanı MIRAKIL
005 - SON İŞLEM TARİHİ VE ZAMANI
Denetim Alanı 20181213155153.0
008 - SABİT-BOY VERİ ELEMANLARI - GENEL BİLGİLER
Sabit Uzunlukta Kontrol Alanı 161220b tu 000 0
020 ## - ULUSLARARASI STANDART KİTAP NUMARASI
Uluslararası Standart Kitap Numarası 9751923581
022 ## - ULUSLARARASI STANDART SERİ NUMARASI
Uluslararası Standart Süreli Yayın Numarası 13001027
035 ## - SİSTEM KONTROL NUMARASI
Sistem Kontrol Numarası 19604
040 ## - KATALOGLAMA KAYNAK
Orijinal Kataloglama Ajansı Milas
Kataloglama Dili tur
Metne Dönüştürmek Ajansı TR-AnCHP
041 ## - DİL KODU
Metin / Ses Parça Veya Ayrı Başlığın Dil Kodu tur
-- eng
082 ## - DEWEY ONLU SINIFLANDIRMA NUMARASI
Sınıflandırma Numarası 370.21 1996-1997
Ürün Numarası T95m 2001
090 ## - SINIFLAMA NUMARASI
Sınıflama Numarası 370.21 1996-1997 T95m 2001
110 ## - ANA GİRİŞ - KURUMSAL ADI
Giriş Elemanı Olarak Kurumsal Ad Veya Yargı Alanı Adı Türkiye İstatistik Kurumu (TÜİK)
245 ## - BAŞLIK TABLOSU
Başlık Milli Eğitim istatistikleri 1996-1997
Başlığın Kalan Yaygın eğitim = National education statistics : adult education
Sorumluluk Tablosu, Vb Devlet İstatistik Enstitüsü (DİE)
246 ## - UNVAN FORM VARYING
Başlık Doğru / Kısa Başlığı Edult education
246 ## - UNVAN FORM VARYING
Başlık Doğru / Kısa Başlığı National education statistics 1996-1997
246 ## - UNVAN FORM VARYING
Başlık Doğru / Kısa Başlığı Yaygın eğitim
260 ## - YAYIN, DAĞITIM, VB
Yayın, Dağıtım, Vb Yeri Ankara
Yayıncı, Dağıtıcı, Vs Adı Devlet İstatistik Enstitüsü (DİE)
Yayın, Dağıtım, Vb Tarihi 2001
300 ## - FİZİKSEL TANIM
Kapsam xi, 159 s.
Diğer Fiziksel Ayrıntıları tbl.
Boyutlar 30 sm.
490 ## - SERİSİ TABLOSU
Seri Beyanı Devlet İstatistik Enstitüsü
Hacim / Ardışık Tanımı 2305
500 ## - GENEL NOT
Genel Not Kurumun yeni adı: Türkiye İstatistik Kurumu (TÜİK)
546 ## - DİL NOTU
Dil Notu Metinler Türkçe-İngilizce karşılıklıdır.
650 ## - KONU KATMA GİRİŞ - TOPİKAL DÖNEM
Topikal Süreli Veya Coğrafi Ad Giriş Elemanı Yaygın eğitim
Form Alt Bölümü Süreli yayınlar
Genel Alt Bölümü İstatistikler
Kronolojik Alt Bölümü 1996-1997
Coğrafi Alt Bölümü Türkiye
650 ## - KONU KATMA GİRİŞ - TOPİKAL DÖNEM
Topikal Süreli Veya Coğrafi Ad Giriş Elemanı Eğitim
Form Alt Bölümü 1996-1997
Genel Alt Bölümü İstatistikler
Kronolojik Alt Bölümü Türkiye
Coğrafi Alt Bölümü Süreli yayınlar
942 ## - EKLENDİ GİRİŞ ELEMANLARI (KOHA)
Sınıflandırma Veya Raf Düzeni Kaynak Dewey Decimal Classification
Koha Öğesi Türü Books
999 ## - SİSTEM KONTROL NUMARALARI (KOHA)
Koha Biblionumber 7904
Koha Biblioitemnumber 7904
Holdings
Kalıcı Konum Mevcut Konum Edinme Tarihi Edinim Kaynak Toplam Check-Out'Lar Tam Çağrı Numarası Barkod Tarih Son Görülme Kopya Sayısı İtibaren Geçerli Fiyatlar Koha Öğesi Türü
CHP Kütüphanesi CHP Kütüphanesi 01/10/2017 Bağış   370.21 1996-1997 T95m 2001 010112 01/10/2017 k.2 01/10/2017 Books
CHP Kütüphanesi CHP Kütüphanesi 12/20/2016 Bağış   370.21 1996-1997 T95m 2001 011640 12/20/2016   12/20/2016 Books